Pramatha Chaudhuri (Record no. 1226376)

MARC details
000 -LEADER
fixed length control field 00484nam a2200193Ia 4500
008 - FIXED-LENGTH DATA ELEMENTS--GENERAL INFORMATION
fixed length control field 151121s9999||||xx |||||||||||||| ||und||
082 ## - DEWEY DECIMAL CLASSIFICATION NUMBER
Classification number 080/Muk
082 ## - DEWEY DECIMAL CLASSIFICATION NUMBER
Item number HNW-33047
100 ## - MAIN ENTRY--PERSONAL NAME
Personal name Mukhopadhyay A।K।
245 ## - TITLE STATEMENT
Title Pramatha Chaudhuri
260 ## - PUBLICATION, DISTRIBUTION, ETC. (IMPRINT)
Name of publisher, distributor, etc "S। A। , N। Delhi।"
260 ## - PUBLICATION, DISTRIBUTION, ETC. (IMPRINT)
Date of publication, distribution, etc --
300 ## - PHYSICAL DESCRIPTION
Extent 68
600 ## - SUBJECT ADDED ENTRY--PERSONAL NAME
Personal name Mukhopadhyay A।K।
630 ## - SUBJECT ADDED ENTRY--UNIFORM TITLE
Uniform title Pramatha Chaudhuri
700 ## - ADDED ENTRY--PERSONAL NAME
Personal name Mukhopadhyay A।K।
730 ## - ADDED ENTRY--UNIFORM TITLE
Uniform title Pramatha Chaudhuri
942 ## - ADDED ENTRY ELEMENTS (KOHA)
Koha item type Book
Holdings
Withdrawn status Lost status Damaged status Not for loan Home library Current library Date acquired Cost, normal purchase price Total Checkouts Full call number Barcode Date last seen Cost, replacement price Price effective from Koha item type
        Hirachand Nemchand Wachanalaya, Solapur Hirachand Nemchand Wachanalaya, Solapur 11/21/2015 3.00   HNW-33047 HNW-33047 11/21/2015 3.00 11/21/2015 Book